Southville International School and Colleges
Your cart is empty.
  • Cart
  • Lists
    Public lists Eva Luna New books Lux_list list_1
    Your lists Log in to create your own lists
  • Log in to your account
  • Your cookies
  • Search history
Southville International School and Colleges
  • Advanced search
  • Recent comments
  • Most popular
  • Libraries

Log in to your account

Log in with GOOGLE


If you do not have an external account, but do have a local account, you can still log in:

  1. Home
  2. MARC view: The hungry mice. /
Normal view MARC view ISBD view

The hungry mice. / (Record no. 102138)

[ view plain ]
MARC details
000 -LEADER
fixed length control field 00537nam a2200181 a 4500
005 - DATE AND TIME OF LATEST TRANSACTION
control field 20140412111230.0
008 - FIXED-LENGTH DATA ELEMENTS--GENERAL INFORMATION
fixed length control field 020412s19uu xx 00 eng d
020 ## - INTERNATIONAL STANDARD BOOK NUMBER
International Standard Book Number 0-88705-577-X
050 ## - LIBRARY OF CONGRESS CALL NUMBER
Classification number ER
Item number Hu86 1992
100 ## - MAIN ENTRY--PERSONAL NAME
Personal name Langley, Andy
245 ## - TITLE STATEMENT
Title The hungry mice. /
Statement of responsibility, etc stories: Andy Langley; illustrations: John Collins.
260 ## - PUBLICATION, DISTRIBUTION, ETC. (IMPRINT)
Place of publication, distribution, etc Wilton, CT :
Name of publisher, distributor, etc Wishing Well Books,
Date of publication, distribution, etc 1992.
300 ## - PHYSICAL DESCRIPTION
Extent 1 v. (unp.) ; ill.
440 ## - SERIES STATEMENT/ADDED ENTRY--TITLE
Title an enchanting window storybook
650 ## - SUBJECT ADDED ENTRY--TOPICAL TERM
Topical term or geographic name as entry element Mice
General subdivision Fiction
650 ## - SUBJECT ADDED ENTRY--TOPICAL TERM
Topical term or geographic name as entry element Picture book
Holdings
Withdrawn status Lost status Damaged status Use restrictions Home library Current library Shelving location Date acquired Source of acquisition Total Checkouts Full call number Barcode Date last seen Price effective from Koha item type
        Elizalde Library Elizalde Library Easy Reading Section 04/12/2002     ER Hu86 1992 E0618 04/12/2014 04/12/2014 Books

The hungry mice. /

APA

Langley A., . (1992). The hungry mice. Wilton, CT: Wishing Well Books.

Chicago

Langley Andy, . 1992. The hungry mice. Wilton, CT: Wishing Well Books.

Harvard

Langley A., . (1992). The hungry mice. Wilton, CT: Wishing Well Books.

MLA

Langley Andy, . The hungry mice. Wilton, CT: Wishing Well Books. 1992.

  • Place hold
  • Print
  • Cite
  • Add to your cart (remove)
  • Save record
    BIBTEX Dublin Core MARCXML MARC (non-Unicode/MARC-8) MARC (Unicode/UTF-8) MARC (Unicode/UTF-8, Standard) MODS (XML) RIS
  • More searches
    Search for this title in:
    Other Libraries (WorldCat) Other Databases (Google Scholar) Online Stores (Bookfinder.com) Open Library (openlibrary.org)

Exporting to Dublin Core...

SOUTHVILLE LIBRARY

Southville International School and Colleges Library

1281 Tropical Ave. Cor. Luxembourg St., BF Homes International, Las Pinas City

Tel. No. 8256374 / 252358 Loc. 117/146

Powered by Koha